UBT Library

PEDIATRIC CLINICAL ADVISOR (Record no. 58548)

000 -LEADER
fixed length control field 00346nam a22001457a 4500
008 - FIXED-LENGTH DATA ELEMENTS--GENERAL INFORMATION
fixed length control field 221013b ||||| |||| 00| 0 eng d
020 ## - INTERNATIONAL STANDARD BOOK NUMBER
International Standard Book Number 9780323035064
041 ## - LANGUAGE CODE
Language code of text/sound track or separate title eng
080 ## - UNIVERSAL DECIMAL CLASSIFICATION NUMBER
Edition identifier SECOND EDITION
Universal Decimal Classification number 616.053
082 ## - DEWEY DECIMAL CLASSIFICATION NUMBER
Classification number 616.053 GAR
100 ## - Rafti
Rafti 14.2
101 ## - Shkurtesa
Shkurtesa PEDI
245 ## - TITLE STATEMENT
Title PEDIATRIC CLINICAL ADVISOR
Statement of responsibility, etc GARFUNKEL
942 ## - ADDED ENTRY ELEMENTS (KOHA)
Source of classification or shelving scheme
Item type Books
Holdings
Withdrawn status Lost status Source of classification or shelving scheme Damaged status Not for loan Collection code Permanent location Current location Date acquired Total Checkouts Full call number Barcode Date last seen Price effective from Koha item type
          Koleksioni i përgjithshem UBT - Lipjan UBT - Lipjan 10/13/2022   616.053 GAR 002-800028700260115 10/13/2022 10/13/2022 Books
UBT Library © 2015-2024. All rights reserved University Education for Business and Technology